Saldo výdavkov a nákladov rozpočtového hospodárenia v účtovníctve rozpočtových organizácií
Základné informácie o salde výdavkov a nákladov rozpočtového hospodárenia z hľadiska právnej úpravy účtovníctva. Schémy účtovania na zodpovedajúcom účte v rozpočtových organizáciách - štátne rozpočtové organizácie a rozpočtové organizácie zriadené obcou alebo vyšším územným celkom. Vysvetlenie podst...
Saved in:
| Main Author: | |
|---|---|
| Format: | Book Chapter |
| Language: | Slovak |
| Subjects: | |
| Tags: |
No Tags, Be the first to tag this record!
|
MARC
| LEADER | 00000naa$a2200000$$$4500 | ||
|---|---|---|---|
| 001 | 0050193 | ||
| 005 | 20240502071558.3 | ||
| 041 | 0 | |a slo | |
| 044 | |a SK | ||
| 245 | 1 | 0 | |a Saldo výdavkov a nákladov rozpočtového hospodárenia v účtovníctve rozpočtových organizácií |c Antónia Kovalčíková |
| 520 | |a Základné informácie o salde výdavkov a nákladov rozpočtového hospodárenia z hľadiska právnej úpravy účtovníctva. Schémy účtovania na zodpovedajúcom účte v rozpočtových organizáciách - štátne rozpočtové organizácie a rozpočtové organizácie zriadené obcou alebo vyšším územným celkom. Vysvetlenie podstaty salda. Príklady účtovania výdavkov a nákladov, pri ktorých saldo vzniká a príklady, pri ktorých saldo nevzniká. Účtovanie na účte 964. Pokračovanie. | ||
| 610 | 2 | 0 | |a hospodárenie finančné |
| 610 | 2 | 0 | |a rozpočet štátny |
| 610 | 2 | 0 | |a saldo |
| 610 | 2 | 0 | |a výdavky |
| 610 | 2 | 0 | |a náklady |
| 610 | 2 | 0 | |a účtovanie |
| 610 | 2 | 0 | |a účty |
| 610 | 2 | 0 | |a organizácie rozpočtové |
| 100 | 1 | |a Kovalčíková, Antónia | |